Estadísticas para Adivina el escudo de cada provincia Argentina

Haz click aquí para intentar la prueba.

Estadísticas generales

  • Esta prueba ha sido intentada 11 veces
  • La puntuación promedio es 14 de 24

Estadísticas de respuestas

Respuesta% Correcto
San Luis
100%
Córdoba
89%
Catamarca
67%
Chubut
67%
La Pampa
67%
Neuquén
67%
Rio Negro
67%
Salta
67%
Santa Cruz
67%
Tierra del Fuego, Antartida e Islas del Atlantico Sur
67%
Buenos Aires
56%
Chaco
56%
Entre Rios
56%
Formosa
56%
La Rioja
56%
Misiones
56%
Ciudad de Buenos Aires
44%
Jujuy
44%
Mendoza
44%
Santa Fe
44%
Tucuman
44%
Corrientes
33%
San Juan
33%
Santiago del Estero
33%

Distribución de puntuación

Porcentaje por número respondido

Porcentaje de gente con cada puntuación

Historial de tus puntuaciones

No has intentado esta prueba.